|
|
|
|
| LEADER |
00000nam0a2200000 4500 |
| 001 |
174665 |
| 005 |
20231031164902.0 |
| 029 |
0 |
0 |
|a SU
|b 75033919
|f ТПУ
|
| 035 |
|
|
|a (RuTPU)RU\TPU\book\189410
|
| 090 |
|
|
|a 174665
|
| 100 |
|
|
|a 20100202d1975 k y0rusy50 ca
|
| 101 |
0 |
|
|a rus
|
| 102 |
|
|
|a RU
|
| 105 |
|
|
|a a p 001zy
|
| 200 |
1 |
|
|a Выбор и обоснование системы возбуждения газового лазера
|e Отчет о НИР
|f Томский политехнический институт (ТПИ) ; руководитель Л. Ананьев ; Ю. Ярушкин
|
| 210 |
|
|
|a Томск
|d 1976
|
| 215 |
|
|
|a 118 л.
|
| 320 |
|
|
|a Библиогр.: с. 116-118.
|
| 610 |
1 |
|
|a отчеты о НИР
|
| 610 |
1 |
|
|a системы возбуждения
|
| 610 |
1 |
|
|a газовые лазеры
|
| 610 |
1 |
|
|a выбор
|
| 610 |
1 |
|
|a обоснование
|
| 610 |
1 |
|
|a магнитополуроводниковые генераторы
|
| 610 |
1 |
|
|a ступенчатое сжатие
|
| 610 |
1 |
|
|a коммутаторы
|
| 675 |
|
|
|a 621.375.8(04)
|v 3
|
| 702 |
|
1 |
|a Ананьев
|b Л.
|4 673
|
| 702 |
|
1 |
|a Ярушкин
|b Ю.
|4 677
|
| 712 |
0 |
2 |
|a Томский политехнический институт (ТПИ)
|c (1944-1991)
|2 stltpush
|3 (RuTPU)RU\TPU\col\1123
|4 595
|
| 801 |
|
1 |
|a RU
|b 63413507
|c 20100202
|
| 942 |
|
|
|c BK
|